Normal view
MARC view
Entry Nombre personal
001 - NÚMERO DE CONTROL
- campo de control: 1131
003 - IDENTIFICADOR DE NÚMERO DE CONTROL
- campo de control: DLC
005 - FECHA Y HORA DE LA ÚLTIMA TRANSACCIÓN
- campo de control: 20260425104437.0
008 - ELEMENTOS DE DATO DE LONGITUD-FIJA
- campo de control de longitud fija: 800722n| acannaabn |a aaa
010 ## - NÚMERO DE CONTROL DE LA BIBLIOTECA DEL CONGRESO
- Número de control de LC: n 80075468
035 ## - NÚMERO DE CONTROL DEL SISTEMA
- Número de control de sistema: (OCoLC)oca00456874
040 ## - FUENTE DE CATALOGACIÓN
- Centro catalogador/agencia de origen: DLC
- Lengua de catalogación: eng
- Centro/agencia transcriptor: DLC
- Centro/agencia modificador: DLC
- Centro/agencia modificador: OCoLC
100 1# - ENCABEZAMIENTO-NOMBRE DE PERSONA
- Nombre de persona: Milner-Gulland, R. R.
400 1# - TRAZADO DE VÉASE--NOMBRE DE PERSONA
- Nombre de persona: Gulland, R. R. Milner-
400 1# - TRAZADO DE VÉASE--NOMBRE DE PERSONA
- Subcampo de control: nna
- Nombre de persona: Milner-Gulland, Robin R.
670 ## - FUENTE DE DATOS ENCONTRADOS
- Cita de la fuente: International Slavic Conference, 1st, Banff, Alta., 1974. Russian and Slavic literature, 1979 (a.e.)
- Información encontrada: t.p. (R. R. Milner-Gulland; Univ. of Sussex)
670 ## - FUENTE DE DATOS ENCONTRADOS
- Cita de la fuente: Yevtushenko, Y.A. Selected poems, 1962:
- Información encontrada: t.p. (trans. by Robin Milner-Gulland)
670 ## - FUENTE DE DATOS ENCONTRADOS
- Cita de la fuente: LC in OCLC, 6-7-88
- Información encontrada: (hdg.: Milner-Gulland, Robin R; Usage: Robin Milner Gulland; R. R. Milner-Gulland)